DOS internals / (Record no. 6340)
[ view plain ]
| 000 -LEADER | |
|---|---|
| fixed length control field | 01015cam a2200301 a 4500 |
| 001 - CONTROL NUMBER | |
| control field | 6340 |
| 003 - CONTROL NUMBER IDENTIFIER | |
| rucl marc code | BD-RjUL |
| 005 - DATE AND TIME OF LATEST TRANSACTION | |
| control field | 20211208234228.0 |
| 008 - FIXED-LENGTH DATA ELEMENTS--GENERAL INFORMATION | |
| fixed length control field | 140111s1994 maua 001 0 eng |
| 020 ## - INTERNATIONAL STANDARD BOOK NUMBER | |
| International Standard Book Number | 0201608359 : |
| International Standard Book Number | 0201964511 (computer disk) |
| 035 ## - SYSTEM CONTROL NUMBER | |
| System control number | (BD-RjUL)6380 |
| 040 ## - CATALOGING SOURCE | |
| Original cataloging agency | DLC |
| Transcribing agency | DLC |
| Modifying agency | DLC |
| -- | BD-RjUL |
| Language of cataloging | eng |
| 041 ## - LANGUAGE CODE | |
| Language code of text/sound track or separate title | eng |
| 082 00 - DEWEY DECIMAL CLASSIFICATION NUMBER | |
| Classification number | 005.4469 |
| Edition number | 20 |
| Author mark and year | CHD 1994 |
| 100 1# - MAIN ENTRY--PERSONAL NAME | |
| Personal name | Chappell, Geoff. |
| 9 (RLIN) | 19957 |
| 245 10 - TITLE STATEMENT | |
| Title | DOS internals / |
| Statement of responsibility, etc. | by Geoff Chappell. |
| 260 ## - PUBLICATION, DISTRIBUTION, ETC. (IMPRINT) | |
| Place of publication, distribution, etc. | Reading, Mass. : |
| Name of publisher, distributor, etc. | Addison-Wesley, |
| Date of publication, distribution, etc. | c1994. |
| 300 ## - PHYSICAL DESCRIPTION | |
| Pagination | xxvi, 738 p. : |
| Illustrations | ill. ; |
| Size | 23 cm. |
| 500 ## - GENERAL NOTE | |
| General note | System requirements for computer disk: IBM-compatible PC; DOS 5.0 or 6.0; Microsoft C 6.0; Microsoft Macro Assembler 6.0; high-density floppy disk drive. |
| General note | Includes index. |
| 650 #0 - SUBJECT ADDED ENTRY--TOPICAL TERM | |
| Topical term or geographic name as entry element | MS-DOS (Computer file) |
| 9 (RLIN) | 19959 |
| Topical term or geographic name as entry element | PC-DOS (Computer file) |
| 9 (RLIN) | 19960 |
| 942 ## - ADDED ENTRY ELEMENTS (KOHA) | |
| Source of classification or shelving scheme | Dewey Decimal Classification |
| Koha item type | Books |
| Lost status | Source of classification or shelving scheme | Damaged status | Not for loan | Collection code | Permanent Location | Current Location | Shelving location | Date acquired | Source of acquisition | Cost, normal purchase price | Total Checkouts | Full call number | Date last seen | Copy number | Koha item type |
|---|---|---|---|---|---|---|---|---|---|---|---|---|---|---|---|
| Dewey Decimal Classification | Non-fiction | Central Library, University of Rajshahi | Central Library, University of Rajshahi | 07/10/1996 | Syntex Chittagong | 39.95 | 005.4469 CHD 1994 | 11/01/2014 | C-3 | Books | |||||
| Dewey Decimal Classification | Non-fiction | Central Library, University of Rajshahi | Central Library, University of Rajshahi | 07/10/1996 | Syntex Chittagong | 39.95 | 005.4469 CHD 1994 | 27/08/2016 | C-2 | Books |